| 000 | 004090000a22001690004500 | ||
|---|---|---|---|
| 003 | MACL | ||
| 005 | 20160108123210.0 | ||
| 008 | 160108b xxu||||| |||| 00| 0 eng d | ||
| 040 |
_aMACL _cMACL |
||
| 041 | _aEnglish | ||
| 082 | _a920/RHY | ||
| 100 |
_aArnold, E. Vernon _929573 |
||
| 245 | _aLife of Mahomet | ||
| 260 |
_bJ.M. Dent & Sons _aLondon |
||
| 650 |
_aBiography _929574 |
||
| 942 |
_cBK _k920/ARN _2ddc |
||
| 999 |
_c37932 _d37932 |
||